Elementary modern phyisics. (Record no. 6321)

MARC details
000 -LEADER
fixed length control field 00561nam a22002057a 4500
003 - CONTROL NUMBER IDENTIFIER
control field OSt
005 - DATE AND TIME OF LATEST TRANSACTION
control field 20190918121157.0
008 - FIXED-LENGTH DATA ELEMENTS--GENERAL INFORMATION
fixed length control field 190918b ||||| |||| 00| 0 eng d
020 ## - INTERNATIONAL STANDARD BOOK NUMBER
International Standard Book Number 0205065597
040 ## - CATALOGING SOURCE
Transcribing agency DDC.
082 ## - DEWEY DECIMAL CLASSIFICATION NUMBER
Classification number 530 WEI
100 ## - MAIN ENTRY--PERSONAL NAME
Personal name Weidner,T.Richard;Sells,L.Robert;
9 (RLIN) 12945
245 ## - TITLE STATEMENT
Title Elementary modern phyisics.
250 ## - EDITION STATEMENT
Edition statement 3rd ed.
260 ## - PUBLICATION, DISTRIBUTION, ETC. (IMPRINT)
Place of publication, distribution, etc. New Jersey.
Name of publisher, distributor, etc. Prentice Hall.
300 ## - PHYSICAL DESCRIPTION
Extent x,484p;
Other physical details col,ill
Dimensions 25cm.
504 ## - BIBLIOGRAPHY, ETC. NOTE
Bibliography, etc appendix, references ,answers and index are included.
650 ## - SUBJECT ADDED ENTRY--TOPICAL TERM
Topical term or geographic name as entry element Physics.
9 (RLIN) 809
942 ## - ADDED ENTRY ELEMENTS (KOHA)
Source of classification or shelving scheme Dewey Decimal Classification
Koha item type Open Shelf
Holdings
Withdrawn status Lost status Source of classification or shelving scheme Damaged status Not for loan Home library Current library Date acquired Source of acquisition Inventory number Total Checkouts Full call number Barcode Date last seen Price effective from Koha item type
    Dewey Decimal Classification     MUST Main Library MUST Main Library 18/09/2019 Purchase 96/8004   530 WEI 2019-0445 18/09/2019 18/09/2019 Open Shelf
    Dewey Decimal Classification     MUST Main Library MUST Main Library 18/06/2024 Purchase 96/7998   530 WEI 2024-20822 18/06/2024 18/06/2024 Open Shelf
    Other/Generic Classification Scheme     MUST Main Library MUST Main Library 18/06/2024 Purchase 96/8024   530 WEI 2024-20825 18/06/2024 18/06/2024 Open Shelf
    Other/Generic Classification Scheme     MUST Main Library MUST Main Library 18/06/2024 Purchase 96/8018   530 WEI 2024-20827 18/06/2024 18/06/2024 Open Shelf
    Other/Generic Classification Scheme     MUST Main Library MUST Main Library 18/06/2024 Purchase 96/7999   530 WEI 2024-20831 18/06/2024 18/06/2024 Open Shelf
    Other/Generic Classification Scheme     MUST Main Library MUST Main Library 18/06/2024 Purchase 96/8021   530 WEI 2024-20832 18/06/2024 18/06/2024 Open Shelf